[Event "La Pobla de Lillet op-B 32nd"]
[Site "La Pobla de Lillet"]
[Date "2023.08.05"]
[Round "4"]
[White "Sobrevia Castellar, Lluis"]
[Black "Pla Carulla, Joaquim"]
[Result "1/2-1/2"]
[WhiteElo "1695"]
[BlackElo "1727"]
[PlyCount "88"]
[EventDate "2023.08.02"]
[EventType "swiss"]
[EventRounds "9"]
[EventCountry "ESP"]
[SourceTitle "EXT 2024"]
[Source "ChessBase"]
[SourceDate "2023.10.10"]
[SourceVersion "1"]
[SourceVersionDate "2023.10.10"]
[SourceQuality "1"]

1. d4 d5 2. e3 Nf6 3. Nf3 c6 4. b3 Bf5 5. Bb2 h6 6. g3 Nbd7 7. Bg2 e6 8. Nbd2 Be7 9. c4 0-0 10. 0-0 Ne4 11. Re1 a6 12. a3 b5 13. cxd5 cxd5 14. Nxe4 Bxe4 15. Qd2 Rc8 16. Rec1 Qb6 17. Rxc8 Rxc8 18. Rc1 Rc6 19. Ne1 Bxg2 20. Kxg2 Rxc1 21. Qxc1 Nf6 22. Qc8+ Kh7 23. Nd3 Bd6 24. f3 a5 25. Nc5 b4 26. a4 Qc7 27. Qxc7 Bxc7 28. g4 g6 29. h3 Kg7 30. Kf2 Kf8 31. e4 Ke7 32. Bc1 Ng8 33. exd5 exd5 34. Nd3 g5 35. f4 f6 36. fxg5 fxg5 37. Kf3 Bd6 38. Be3 Kd7 39. Bf2 Ke7 40. h4 gxh4 41. Bxh4+ Ke6 42. Bg3 Ne7 43. Bxd6 Kxd6 44. Kf4 Nc6 1/2-1/2

[Event "La Pobla de Lillet op-B 30th"]
[Site "La Pobla de Lillet"]
[Date "2021.08.09"]
[Round "8"]
[White "Camprubi Juanola, Jordi"]
[Black "Pla Carulla, Joaquim"]
[Result "1/2-1/2"]
[WhiteElo "1631"]
[BlackElo "1727"]
[PlyCount "42"]
[EventDate "2021.08.02"]
[EventType "swiss"]
[EventRounds "9"]
[EventCountry "ESP"]
[SourceTitle "EXT 2022"]
[Source "ChessBase"]
[SourceDate "2021.10.06"]
[SourceVersion "1"]
[SourceVersionDate "2021.10.06"]
[SourceQuality "1"]

1. c4 e5 2. g3 d6 3. Bg2 g6 4. e4 Bg7 5. Nc3 Ne7 6. Nge2 0-0 7. 0-0 Be6 8. d3 c6 9. f4 Qd7 10. Be3 Bh3 11. d4 Bxg2 12. Kxg2 b6 13. dxe5 dxe5 14. fxe5 Bxe5 15. Qxd7 Nxd7 16. Bd4 f5 17. b3 fxe4 18. Bxe5 Nxe5 19. Rxf8+ Rxf8 20. Nxe4 Rd8 21. Nf4 Nf5 1/2-1/2

[Event "Sant Adria de Besos op-B 3rd"]
[Site "Sant Adria de Besos"]
[Date "2019.08.19"]
[Round "6"]
[White "Madrid Sole, Antonio"]
[Black "Pla Carulla, Joaquim"]
[Result "1-0"]
[WhiteElo "1783"]
[BlackElo "1796"]
[PlyCount "95"]
[EventDate "2019.08.14"]
[EventType "swiss"]
[EventRounds "9"]
[EventCountry "ESP"]
[SourceTitle "EXT 2020"]
[Source "ChessBase"]
[SourceDate "2019.10.17"]
[SourceVersion "1"]
[SourceVersionDate "2019.10.17"]
[SourceQuality "1"]

1. d4 Nf6 2. Nf3 d5 3. e3 g6 4. Bd3 Bg7 5. 0-0 0-0 6. Nbd2 Nbd7 7. c3 b6 8. e4 dxe4 9. Nxe4 Bb7 10. Ng3 c5 11. Be2 Qc7 12. dxc5 Nxc5 13. Be3 Ng4 14. Bxc5 Qxc5 15. Qd7 Bc8 16. Qa4 Nf6 17. Rad1 Bb7 18. h3 e5 19. Nd2 Qc7 20. Bf3 Bxf3 21. Nxf3 Rad8 22. Ne4 Nd5 23. g3 Qb7 24. Ned2 h6 25. Rfe1 b5 26. Qb3 Nb6 27. Qxb5 Rd5 28. Qe2 Rfd8 29. Nb3 Rxd1 30. Rxd1 Rxd1+ 31. Qxd1 Nc4 32. Qe2 Qd5 33. Nbd2 Nxb2 34. c4 Qa5 35. Ne4 Qxa2 36. c5 Qb1+ 37. Kg2 f5 38. Nd6 e4 39. Nh4 Kh7 40. g4 Nd3 41. Qd2 Bd4 42. gxf5 Bxf2 43. fxg6+ Kg8 44. Nf3 exf3+ 45. Kxf3 Qh1+ 46. Ke2 Nf4+ 47. Qxf4 Qe1+ 48. Kf3 1-0

[Event "Sant Adria de Besos op-B 3rd"]
[Site "Sant Adria de Besos"]
[Date "2019.08.18"]
[Round "5"]
[White "Pla Carulla, Joaquim"]
[Black "Peiron Lluch, Jose Daniel"]
[Result "1/2-1/2"]
[WhiteElo "1796"]
[BlackElo "1843"]
[PlyCount "34"]
[EventDate "2019.08.14"]
[EventType "swiss"]
[EventRounds "9"]
[EventCountry "ESP"]
[SourceTitle "EXT 2020"]
[Source "ChessBase"]
[SourceDate "2019.10.17"]
[SourceVersion "1"]
[SourceVersionDate "2019.10.17"]
[SourceQuality "1"]

1. e4 d6 2. d3 e5 3. g3 Nf6 4. Bg2 Nbd7 5. Nf3 c6 6. 0-0 Qc7 7. Re1 Be7 8. Nbd2 h6 9. Nf1 Nf8 10. c4 g5 11. a3 a5 12. Bd2 Ng6 13. Bc3 Be6 14. Rc1 0-0 15. Ne3 Qc8 16. Qc2 a4 17. d4 Qc7 1/2-1/2

[Event "Igualada op 14th"]
[Site "Igualada"]
[Date "2019.01.26"]
[Round "3"]
[White "Rosich Guberna, Pascual"]
[Black "Pla Carulla, Joaquim"]
[Result "1/2-1/2"]
[WhiteElo "1687"]
[BlackElo "1843"]
[PlyCount "91"]
[EventDate "2019.01.12"]
[EventType "swiss"]
[EventRounds "8"]
[EventCountry "ESP"]
[SourceTitle "CBM 189 Extra"]
[Source "ChessBase"]
[SourceDate "2019.06.03"]
[SourceVersion "1"]
[SourceVersionDate "2019.06.03"]
[SourceQuality "1"]

1. c4 e5 2. Nc3 Nc6 3. Nf3 d6 4. d3 g6 5. Bg5 f6 6. Bd2 Bg7 7. a3 Nh6 8. g3 Ne7 9. Bg2 0-0 10. Qc1 Nf7 11. b4 c6 12. 0-0 f5 13. Ng5 d5 14. Nxf7 Rxf7 15. Bg5 Be6 16. cxd5 cxd5 17. Qd2 Qd7 18. Rad1 Rc8 19. e4 d4 20. Ne2 fxe4 21. Bxe4 Nd5 22. Rc1 Rcf8 23. f4 Ne3 24. Rf2 h6 25. Bxg6 hxg5 26. Bxf7+ Qxf7 27. Nxd4 exd4 28. fxg5 Qxf2+ 29. Qxf2 Rxf2 30. Kxf2 Be5 31. Rc5 Bd6 32. Rc1 Kg7 33. h4 Nf5 34. Rg1 Bxg3+ 35. Rxg3 Nxg3 36. Kxg3 Bf5 37. Kf4 Bxd3 38. Ke5 Be2 39. Kxd4 a6 40. Kc5 Kg6 41. Kb6 Bf3 42. a4 Be4 43. b5 axb5 44. Kxb5 Bd3+ 45. Kb6 Ba6 46. a5 1/2-1/2

[Event "Igualada Anoia op 13th"]
[Site "Igualada"]
[Date "2018.01.13"]
[Round "1"]
[White "Pla Carulla, Joaquim"]
[Black "Gonzalez Avellana, Santiago"]
[Result "1-0"]
[WhiteElo "1762"]
[BlackElo "1410"]
[PlyCount "49"]
[EventDate "2018.01.13"]
[EventType "swiss"]
[EventRounds "8"]
[EventCountry "ESP"]
[SourceTitle "CBM 187 Extra"]
[Source "ChessBase"]
[SourceDate "2018.11.04"]
[SourceVersion "1"]
[SourceVersionDate "2018.11.04"]
[SourceQuality "1"]

1. d4 d5 2. c4 e5 3. dxe5 d4 4. Nf3 Bb4+ 5. Bd2 a5 6. Bxb4 axb4 7. Qxd4 Qxd4 8. Nxd4 Ne7 9. Nd2 Bd7 10. g3 c5 11. Nb5 Bxb5 12. cxb5 b6 13. Nc4 Nd7 14. Nd6+ Kf8 15. f4 Nd5 16. Bg2 Ne3 17. Bxa8 Nc2+ 18. Kd2 Nxa1 19. Rxa1 Ke7 20. Nf5+ Kf8 21. Rd1 g6 22. Ke3 gxf5 23. Rxd7 Kg7 24. Bd5 Ra8 25. Rxf7+ 1-0

[Event "Maresme op 14th"]
[Site "Maresme"]
[Date "2017.11.11"]
[Round "6"]
[White "Martin Villanova, Jordi"]
[Black "Pla Carulla, Joaquim"]
[Result "1-0"]
[WhiteElo "1918"]
[BlackElo "1788"]
[PlyCount "45"]
[EventDate "2017.09.30"]
[EventType "swiss"]
[EventRounds "9"]
[EventCountry "ESP"]
[SourceTitle "CBM 181 Extra"]
[Source "ChessBase"]
[SourceDate "2017.12.12"]
[SourceVersion "1"]
[SourceVersionDate "2017.12.12"]
[SourceQuality "1"]

1. Nf3 d5 2. c4 c6 3. g3 Nf6 4. Bg2 e6 5. b3 Nbd7 6. 0-0 Bd6 7. d4 0-0 8. Nc3 Re8 9. Bb2 a6 10. Re1 b5 11. e4 b4 12. e5 bxc3 13. Bxc3 Bc7 14. exf6 Nxf6 15. Ne5 Bd7 16. Rc1 Rb8 17. Qc2 Qe7 18. Bd2 Bb6 19. Qd3 a5 20. Bf4 Ra8 21. Bg5 Red8 22. Ng4 Rdc8 23. cxd5 1-0

[Event "Foment Martinenc op-B 19st"]
[Site "Barcelona"]
[Date "2017.04.29"]
[Round "2.9"]
[White "Pla Carulla, Joaquim"]
[Black "Moncunill Calvet, Pol"]
[Result "1-0"]
[WhiteElo "1770"]
[BlackElo "1345"]
[PlyCount "63"]
[EventDate "2017.04.22"]
[EventType "swiss"]
[EventRounds "9"]
[EventCountry "ESP"]
[SourceTitle "EXT 2024"]
[Source "ChessBase"]
[SourceDate "2023.10.10"]
[SourceVersion "1"]
[SourceVersionDate "2023.10.10"]
[SourceQuality "1"]

1. e4 e5 2. f4 d5 3. exd5 exf4 4. Nf3 Qxd5 5. Nc3 Qd8 6. Bc4 Be7 7. 0-0 Nf6 8. h3 0-0 9. d4 Bd6 10. Ne2 Nh5 11. Bd3 Ng3 12. Nxg3 fxg3 13. Ng5 g6 14. Qf3 f5 15. Bc4+ Kg7 16. Bf4 Qf6 17. Bxd6 Qxd4+ 18. Kh1 Qxd6 19. Rad1 Qe7 20. Qxg3 h6 21. Nf3 f4 22. Qf2 Nc6 23. Rfe1 Qf6 24. Qc5 Bf5 25. Bb5 Rad8 26. Rxd8 Rxd8 27. Bxc6 bxc6 28. Re7+ Kg8 29. Qc4+ Rd5 30. Rxc7 Qxb2 31. Qxc6 Qb5 32. Qa8+ 1-0

[Event "Foment Martinenc op-B 19st"]
[Site "Barcelona"]
[Date "2017.04.22"]
[Round "1.5"]
[White "Gibert Juan, Ramon"]
[Black "Pla Carulla, Joaquim"]
[Result "1/2-1/2"]
[WhiteElo "1580"]
[BlackElo "1770"]
[PlyCount "55"]
[EventDate "2017.04.22"]
[EventType "swiss"]
[EventRounds "9"]
[EventCountry "ESP"]
[SourceTitle "EXT 2024"]
[Source "ChessBase"]
[SourceDate "2023.10.10"]
[SourceVersion "1"]
[SourceVersionDate "2023.10.10"]
[SourceQuality "1"]

1. d4 Nf6 2. c4 c5 3. e3 e6 4. Nf3 g6 5. Nc3 cxd4 6. exd4 Bg7 7. Bd3 0-0 8. 0-0 Nc6 9. a3 d5 10. c5 b6 11. Bb5 Na5 12. b4 Nb7 13. Ne5 Ne8 14. Ba6 Bxe5 15. dxe5 bxc5 16. Bh6 Ng7 17. Bxb7 Bxb7 18. bxc5 Qh4 19. Qd2 Rfc8 20. Rab1 Ba6 21. Rb4 Qh5 22. Bg5 Nf5 23. Rfb1 Bc4 24. h3 Nh4 25. Ne2 Qxe2 26. Qxe2 Bxe2 27. Bxh4 Rxc5 28. Bf6 1/2-1/2